[Event "Gistrup Int"]
[Site "Gistrup"
[Date "1992.??.??"]
[Round "1"]
[White "Meyer, Lars August"]
[Black "Konopka, Michal"]
[Result "1/2-1/2"]
[WhiteElo "2325"]
[BlackElo "2350"]

1. d4 Nf6 2. c4 g6 3. Nc3 d5 4. cxd5 Nxd5 5. Bd2 Bg7 6. e4 Nb6 7. Be3
O-O 8. f4 Nc6 9. d5 Na5 10. Bd4 e5 11. Bxe5 Bxe5 12. fxe5 Qh4+ 13. g3
Qe7 14. Qd4 Rd8 15. Qf2 Nac4 16. Nf3 Nxe5 17. Nxe5 Qxe5 18. Be2 Bd7
19. O-O Be8 20. Qf4 Qxf4 21. gxf4 c6 22. dxc6 Bxc6 23. Rad1 Kf8 24. Kf2
Ke7 25. Ke3 Rac8 26. Rxd8 Rxd8 27. Rc1 Rc8 28. Bg4 Bd7 29. Bxd7 Kxd7
30. b3 Rc5 31. Rd1+ Ke7 32. Ne2 Rh5 33. Rh1 f6 34. h4 Rc5 35. Rc1 Rxc1
36. Nxc1 Nd7 37. Ne2 Kd6 38. Kd4 Nf8 39. Nc3 Ne6+ 40. Ke3 a6 41. Nd5 f5
1/2-1/2

[Event "Gistrup Int"]
[Site "Gistrup"
[Date "1992.??.??"]
[Round "1"]
[White "Poley, Vladimir"]
[Black "Bator, Robert"]
[Result "1/2-1/2"]
[WhiteElo "2360"]
[BlackElo "2345"]

1. e4 c5 2. Nf3 Nc6 3. d4 cxd4 4. Nxd4 Nf6 5. Nc3 e5 6. Ndb5 d6 7. Bg5
a6 8. Na3 b5 9. Nd5 Qa5+ 10. Bd2 Qd8 11. Bg5 Qa5+ 12. Bd2 1/2-1/2

[Event "Gistrup Int"]
[Site "Gistrup"
[Date "1992.??.??"]
[Round "1"]
[White "Nielsen, Tommy"]
[Black "Zezulkin, J"]
[Result "1/2-1/2"]
[WhiteElo "2250"]
[BlackElo "2440"]

1. e4 c5 2. Nf3 Nc6 3. d4 cxd4 4. Nxd4 Nf6 5. Nc3 e5 6. Ndb5 d6 7. Bg5
a6 8. Na3 b5 9. Nd5 Be7 10. Bxf6 Bxf6 11. c3 Ne7 12. c4 Nxd5 13. Qxd5
Rb8 14. cxb5 Bb7 15. Qd3 Qa5+ 16. Qc3 Qxc3+ 17. bxc3 Bxe4 18. f3 Ba8
19. bxa6 e4 20. Bb5+ Kf8 21. Ke2 exf3+ 22. gxf3 Bxc3 23. Rab1 g5 24.
Rhc1 Bd4 25. Rc7 Kg7 26. Nc4 d5 27. Nd6 Kf6 28. Nxf7 Bb6 29. Rd7 Rhe8+
30. Kf1 Re3 31. Rb3 Rxb3 32. axb3 Bc5 33. Ba4 g4 34. fxg4 Rf8 35. Nd8
Ke5+ 36. Ke1 d4 37. Nb7 Bb4+ 38. Ke2 Rc8 39. Kd1 Ke4 40. Nd6+ Bxd6 41.
Rxd6 Kd3 42. Bb5+ Kc3 43. Ke2 Rc7 44. h4 Be4 45. Rd8 Re7 46. Rc8+ Kb4
47. Re8 Rxe8 48. Bxe8 Kc3 49. Bb5 d3+ 50. Ke3 d2 51. Be2 Bd3 52. a7
Bxe2 53. Kxe2 Kc2 54. a8=Q d1=Q+ 55. Ke3 Qxg4 56. Qe4+ Qxe4+ 57. Kxe4
Kxb3 58. Kf5 Kc4 1/2-1/2

[Event "Gistrup Int"]
[Site "Gistrup"
[Date "1992.??.??"]
[Round "1"]
[White "Kruszynski, Wlodzimierz"]
[Black "Pedersen, Steffen"]
[Result "1/2-1/2"]
[WhiteElo "2380"]
[BlackElo "2360"]

1. e4 c5 2. Nf3 e6 3. d4 cxd4 4. Nxd4 a6 5. Bd3 Bc5 6. Nb3 Ba7 7. Qe2
Nc6 8. Be3 d6 9. Nc3 Qc7 10. Bxa7 Rxa7 11. Qg4 g6 12. O-O-O Nf6 13. Qg3
e5 14. Be2 Be6 15. Qe3 Ra8 16. Kb1 Rc8 17. f4 Ne7 18. Rd2 O-O 19. fxe5
dxe5 20. Qg5 Kg7 21. Rf1 Neg8 22. Rfd1 b5 23. a3 Rfe8 24. Bf3 Ne7 25.
h4 Nc6 26. Nd5 Bxd5 27. exd5 Nd8 28. d6 Qd7 29. h5 h6 30. Qe3 e4 31.
Be2 Ne6 32. g4 g5 33. Nd4 Nxd4 34. Qxd4 Rc6 35. c4 e3 36. Rc2 Re4 37.
Qc3 Rxd6 38. Rxd6 Qxd6 39. cxb5 axb5 40. Bxb5 e2 41. Qe1 Qe5 42. a4
Nxg4 43. Rxe2 Rxe2 44. Qxe2 Ne3 45. a5 g4 46. a6 g3 47. Bc6 Qf5+ 48.
Kc1 Qc5+ 49. Kb1 Qf5+ 50. Kc1 Qc5+ 1/2-1/2

[Event "Gistrup Int"]
[Site "Gistrup"
[Date "1992.??.??"]
[Round "2"]
[White "Zezulkin, J"]
[Black "Fries Nielsen, Jens Ove"]
[Result "1-0"]
[WhiteElo "2440"]
[BlackElo "2385"]

1. e4 e6 2. d4 d5 3. Nc3 Nf6 4. Bg5 dxe4 5. Nxe4 Be7 6. Bxf6 gxf6 7.
Nf3 b6 8. Bd3 Bb7 9. Qd2 Nd7 10. O-O-O c6 11. Qh6 Bf8 12. Qf4 f5 13.
Ng3 Qb8 14. Qd2 Qd6 15. Bxf5 exf5 16. Rhe1+ Kd8 17. Nxf5 Qf6 18. g4 h5
19. h3 hxg4 20. hxg4 Bh6 21. Nxh6 Qxf3 22. Re5 Qf6 23. g5 Qg6 24. f4
Rf8 25. f5 Qd6 26. Qe3 Kc7 27. Re7 1-0

[Event "Gistrup Int"]
[Site "Gistrup"
[Date "1992.??.??"]
[Round "2"]
[White "Bator, Robert"]
[Black "Konopka, Michal"]
[Result "1-0"]
[WhiteElo "2345"]
[BlackElo "2350"]

1. d4 Nf6 2. c4 g6 3. Nc3 d5 4. cxd5 Nxd5 5. e4 Nxc3 6. bxc3 Bg7 7. Bc4
c5 8. Ne2 Nc6 9. Be3 O-O 10. O-O Qc7 11. Bf4 e5 12. Bg3 Qe7 13. dxe5
Nxe5 14. Bd5 Be6 15. Nf4 Bxd5 16. Nxd5 Qd8 17. f4 Nc6 18. f5 Be5 19.
Qd2 Bxg3 20. hxg3 Ne7 21. Nxe7+ Qxe7 22. f6 Rfd8 23. fxe7 Rxd2 24. Rad1
1-0

[Event "Gistrup Int"]
[Site "Gistrup"
[Date "1992.??.??"]
[Round "2"]
[White "Pedersen, Steffen"]
[Black "Meyer, Lars August"]
[Result "1/2-1/2"]
[WhiteElo "2360"]
[BlackElo "2325"]

1. d4 Nf6 2. c4 g6 3. Nc3 Bg7 4. Nf3 d6 5. Bg5 h6 6. Bh4 g5 7. Bg3 Nh5
8. e3 e6 9. Be2 Nc6 10. Qc2 Qe7 11. d5 Nxg3 12. hxg3 Nb8 13. Qa4+ Bd7
14. Qb3 b6 15. Rd1 e5 16. c5 dxc5 17. Nd2 O-O 18. Bf3 c6 19. g4 b5 20.
d6 Qxd6 21. Nxb5 cxb5 22. Bxa8 c4 23. Qc2 Bxg4 24. Bf3 Bxf3 25. Nxf3
1/2-1/2

[Event "Gistrup Int"]
[Site "Gistrup"
[Date "1992.??.??"]
[Round "2"]
[White "Hansen, Sune Berg"]
[Black "Kruszynski, Wlodzimierz"]
[Result "1-0"]
[WhiteElo "2370"]
[BlackElo "2380"]

1. d4 Nf6 2. Nf3 e6 3. e3 b6 4. Bd3 Bb7 5. O-O c5 6. c4 Be7 7. Nc3 cxd4
8. exd4 d5 9. cxd5 Nxd5 10. Ne5 O-O 11. Qg4 Nf6 12. Qh4 a6 13. Bg5 g6
14. Be4 Ra7 15. Ng4 Nbd7 16. Rae1 Bxe4 17. Nxe4 Nd5 18. Ne5 Nxe5 19.
dxe5 Bxg5 20. Nxg5 h5 21. f4 Ne7 22. Ne4 Nd5 23. Qg3 Kh8 24. Rd1 Rd7
25. Qa3 a5 26. Nd6 f5 27. Qg3 Kh7 28. Rc1 Rc7 29. Qg5 Qxg5 30. fxg5 Rd8
31. Rxc7+ Nxc7 32. Rc1 Nd5 33. Rc6 Rd7 34. Ne8 Re7 35. Nf6+ Kg7 36.
Nxd5 exd5 37. e6 Rb7 38. Kf2 Kf8 39. Ke3 Ke7 40. Kd4 b5 41. Kxd5 b4
42. Rc5 a4 43. Ra5 a3 44. bxa3 bxa3 45. h4 f4 46. Ke5 Rc7 47. Rd5 Rc2
48. Rd7+ Ke8 49. Kf6 Rxa2 50. Rh7 Kd8 51. e7+ Kd7 52. Rh8 1-0

[Event "Gistrup Int"]
[Site "Gistrup"
[Date "1992.??.??"]
[Round "2"]
[White "Poley, Vladimir"]
[Black "Nielsen, Tommy"]
[Result "1-0"]
[WhiteElo "2360"]
[BlackElo "2250"]

1. b4 d5 2. Bb2 e6 3. e3 Nf6 4. b5 a6 5. a4 axb5 6. axb5 Rxa1 7. Bxa1
Nbd7 8. Nf3 Be7 9. g4 Nxg4 10. Rg1 Ngf6 11. Rxg7 Rg8 12. Rxg8+ Nxg8
13. Bd3 Nf8 14. Ne5 Nf6 15. Qf3 Ng6 16. Bxg6 fxg6 17. Bd4 Bd7 18. Nc3
c5 19. bxc6 bxc6 20. Na4 Qb8 21. Nb6 Qd6 22. Nbxd7 Nxd7 23. Qf7+ Kd8
24. Nxd7 Kxd7 25. f4 Kc8 26. Qxh7 e5 27. Bxe5 Qe6 28. Kf2 c5 29. Kg3
Kb7 30. Qh3 Qc6 31. c4 dxc4 32. Qg2 Qxg2+ 33. Kxg2 Kc6 34. e4 Kd7 35.
Kf3 Ke6 36. Bc3 Bh4 37. Kg4 Bf2 38. Kg5 1-0

[Event "Gistrup Int"]
[Site "Gistrup"
[Date "1992.??.??"]
[Round "3"]
[White "Fries Nielsen, Jens Ove"]
[Black "Poley, Vladimir"]
[Result "1/2-1/2"]
[WhiteElo "2385"]
[BlackElo "2360"]

1. d4 g6 2. e4 Bg7 3. c3 c6 4. Nf3 d5 5. Bd3 Nh6 6. O-O O-O 7. Re1 dxe4
8. Bxe4 Bf5 9. Bxh6 Bxe4 10. Bxg7 Bxf3 11. Qxf3 Kxg7 12. Nd2 Nd7 13.
Nc4 Nf6 14. a4 Qc7 15. Ne5 Rad8 16. Re2 Rd6 17. Rae1 1/2-1/2

[Event "Gistrup Int"]
[Site "Gistrup"
[Date "1992.??.??"]
[Round "3"]
[White "Meyer, Lars August"]
[Black "Hansen, Sune Berg"]
[Result "1/2-1/2"]
[WhiteElo "2325"]
[BlackElo "2370"]

1. d4 Nf6 2. c4 g6 3. Nc3 Bg7 4. e4 d6 5. Be2 O-O 6. Nf3 e5 7. dxe5
dxe5 8. Qxd8 Rxd8 9. Bg5 c6 10. Nxe5 Re8 11. O-O-O Na6 12. Rd6 Be6 13.
f4 h6 14. Bh4 g5 15. fxg5 hxg5 1/2-1/2

[Event "Gistrup Int"]
[Site "Gistrup"
[Date "1992.??.??"]
[Round "3"]
[White "Konopka, Michal"]
[Black "Pedersen, Steffen"]
[Result "1-0"]
[WhiteElo "2350"]
[BlackElo "2360"]

1. Nf3 d5 2. d4 Nf6 3. c4 dxc4 4. Nc3 c5 5. d5 e6 6. e4 exd5 7. e5 Nfd7
8. Bg5 Be7 9. Bxe7 Qxe7 10. Nxd5 Qd8 11. Bxc4 Nc6 12. Qe2 Qa5+ 13. Qd2
Qxd2+ 14. Nxd2 O-O 15. f4 Nd4 16. Kf2 Nb6 17. Nxb6 axb6 18. Nf3 Be6
19. Bxe6 fxe6 20. Nxd4 cxd4 21. Kf3 Rfc8 22. Rhc1 Rc5 23. Ke4 Rac8 24.
Rxc5 bxc5 25. Rc1 b6 26. b4 Ra8 27. bxc5 bxc5 28. Rxc5 Rxa2 29. g4 Rxh2
30. f5 exf5+ 31. gxf5 Rh4+ 32. Kd5 Rf4 33. Rc8+ Kf7 34. Rc7+ Kg8 35.
Rc8+ Kf7 36. e6+ Ke7 37. Rc7+ 1-0

[Event "Gistrup Int"]
[Site "Gistrup"
[Date "1992.??.??"]
[Round "3"]
[White "Kruszynski, Wlodzimierz"]
[Black "Zezulkin, J"]
[Result "0-1"]
[WhiteElo "2380"]
[BlackElo "2440"]

1. e4 c5 2. Nf3 Nc6 3. Bb5 d6 4. O-O Bd7 5. c3 Nf6 6. Re1 a6 7. Bxc6
Bxc6 8. d4 Bxe4 9. Bg5 Bd5 10. Nbd2 c4 11. b3 b5 12. bxc4 bxc4 13. Bxf6
gxf6 14. Nf1 e6 15. Ne3 Qa5 16. Nd2 Rc8 17. Qh5 f5 18. Ndxc4 Rxc4 19.
Nxc4 Bxc4 20. Rab1 Be7 21. Rb8+ Bd8 22. Rb7 O-O 23. Re3 f4 24. Qg4+ Qg5
25. Qxg5+ Bxg5 26. Re1 d5 27. a4 f3 28. gxf3 Bd2 29. Re5 Kh8 30. h4 h6
31. Kh1 Bxc3 32. Rh5 Kg7 33. Re5 Kf6 34. Rh5 Kg6 35. Re5 Bxd4 0-1

[Event "Gistrup Int"]
[Site "Gistrup"
[Date "1992.??.??"]
[Round "3"]
[White "Nielsen, Tommy"]
[Black "Bator, Robert"]
[Result "0-1"]
[WhiteElo "2250"]
[BlackElo "2345"]

1. e4 c5 2. Nc3 Nc6 3. f4 e6 4. Nf3 Nge7 5. g3 g6 6. e5 d5 7. exd6 Nf5
8. Ne5 Nxe5 9. fxe5 Bg7 10. Nb5 O-O 11. Qe2 Bd7 12. c3 Bc6 13. Rg1 Qb6
14. Na3 Bd5 15. d3 f6 16. exf6 Bxf6 17. Bg2 c4 18. d4 Bxd4 19. cxd4
Nxd4 20. Qe3 Bxg2 21. Rxg2 Rf3 22. Qe4 Raf8 23. Bf4 Qb4+ 24. Rd2 e5
25. Qd5+ Rf7 26. Qxe5 R3xf4 27. O-O-O c3 28. Qxd4 Rxd4 29. Rc2 cxb2+
30. Rxb2 Rxd1+ 31. Kxd1 Qxb2 32. Nc2 Rd7 0-1

[Event "Gistrup Int"]
[Site "Gistrup"
[Date "1992.??.??"]
[Round "4"]
[White "Zezulkin, J"]
[Black "Meyer, Lars August"]
[Result "1/2-1/2"]
[WhiteElo "2440"]
[BlackElo "2325"]

1. e4 e6 2. d4 d5 3. Nc3 Nf6 4. Bg5 dxe4 5. Nxe4 Be7 6. Bxf6 gxf6 7.
Nf3 b6 8. Bc4 Bb7 9. Qe2 Nd7 10. O-O-O c6 11. Nfd2 h5 12. Ng3 Qc7 13.
Nxh5 O-O-O 14. Ng3 Nf8 15. Ndf1 c5 16. Ba6 cxd4 17. Bxb7+ Qxb7 18. Qc4+
Kb8 19. Rxd4 Rc8 20. Qe2 Bc5 21. Rf4 Ng6 22. Rxf6 Bd4 23. Rf3 Ne5 24.
Rb3 Qxg2 25. f4 Qxe2 26. Nxe2 Nc6 27. h4 Rh7 28. h5 Bg7 29. Rc3 e5 30.
f5 e4 31. Rg3 Nb4 32. c3 Bh6+ 33. Kb1 Nd5 34. Rh4 Nf6 35. Kc2 Rch8 36.
Rg2 Kc7 37. c4 Re8 38. Rh1 Re5 39. Nd4 Bf8 40. Ng3 Kb7 41. Rgg1 Bc5
42. Rd1 Ng4 43. Rhe1 Nf2 44. Rd2 Bb4 45. Ree2 Bxd2 46. Kxd2 f6 47. Ke3
Nd3 48. a3 Rg7 49. Nxe4 Nxb2 50. h6 Rge7 51. Ne6 Nxc4+ 52. Kf4 Rh7 53.
Rh2 Rxe4+ 54. Kxe4 Nd6+ 55. Kf4 Nf7 56. Rg2 Nxh6 57. Rg6 Nxf5 58. Kxf5
Rh3 59. Rg7+ Ka6 60. Nc7+ Ka5 1/2-1/2

[Event "Gistrup Int"]
[Site "Gistrup"
[Date "1992.??.??"]
[Round "4"]
[White "Hansen, Sune Berg"]
[Black "Konopka, Michal"]
[Result "1-0"]
[WhiteElo "2370"]
[BlackElo "2350"]

1. d4 Nf6 2. c4 g6 3. Nc3 d5 4. Nf3 Bg7 5. cxd5 Nxd5 6. e4 Nxc3 7. bxc3
c5 8. Rb1 O-O 9. Be2 Qa5 10. O-O Qxc3 11. d5 Qa5 12. Bg5 Re8 13. Bb5
Nd7 14. d6 exd6 15. Qxd6 Re6 16. Qf4 Qxa2 17. Rbd1 Nf8 18. e5 b6 19.
Qe4 Rb8 20. Ra1 Qb2 21. Rfb1 Qc3 22. Bd2 Bxe5 23. Bxc3 Bxh2+ 24. Kxh2
Rxe4 25. Be5 Rxe5 26. Nxe5 a5 27. Bc4 Bf5 28. Rb2 Nd7 29. Nxd7 1-0

[Event "Gistrup Int"]
[Site "Gistrup"
[Date "1992.??.??"]
[Round "4"]
[White "Nielsen, Tommy"]
[Black "Fries Nielsen, Jens Ove"]
[Result "0-1"]
[WhiteElo "2250"]
[BlackElo "2385"]

1. e4 g6 2. d4 Bg7 3. Nc3 Nc6 4. Be3 d6 5. Bc4 Nf6 6. f3 O-O 7. Qd2 a6
8. Nge2 e5 9. d5 Na5 10. Bd3 c5 11. dxc6 Nxc6 12. Bc4 b5 13. Bb3 a5
14. a4 bxa4 15. Nxa4 Ba6 16. Nac3 Rb8 17. Kf2 Nb4 18. Ra3 d5 19. Nxd5
Nbxd5 20. exd5 Rb4 21. Ng3 e4 22. Rha1 exf3 23. Rxa5 Ng4+ 24. Kg1 Qh4
25. gxf3 Rd4 26. Bxd4 Bxd4+ 27. Kh1 Nf2+ 28. Kg1 Bb6 29. Rxa6 Ne4+ 30.
Rxb6 Nxd2 31. Kg2 Qf4 32. Rba6 Qxf3+ 33. Kg1 Nxb3 34. cxb3 Qxd5 35.
R6a3 Rc8 36. Rf1 Rc2 37. Rf2 Qd4 38. Nh1 Rc1+ 39. Kg2 Rxh1 40. Ra4 Qd5+
0-1

[Event "Gistrup Int"]
[Site "Gistrup"
[Date "1992.??.??"]
[Round "4"]
[White "Bator, Robert"]
[Black "Pedersen, Steffen"]
[Result "1/2-1/2"]
[WhiteElo "2345"]
[BlackElo "2360"]

1. d4 d5 2. Nf3 Nf6 3. c4 dxc4 4. Nc3 c6 5. g3 b5 6. Bg2 Bb7 7. Ne5 a6
8. a4 Qb6 9. e4 e6 10. Be3 c5 11. axb5 axb5 12. Rxa8 Bxa8 13. O-O Be7
14. dxc5 Bxc5 15. Nxc4 bxc4 16. Na4 Bxe3 17. Nxb6 Bxb6 18. Qd6 Nfd7
19. Ra1 Bc6 20. Rd1 Bd8 21. e5 Bb5 22. Qb4 Ba6 23. Qa4 Bc8 24. Bc6 Bb6
25. Qb5 Bc7 26. f4 g5 27. f5 exf5 28. Qxc4 Bxe5 29. Qd5 Nxc6 30. Qxc6
O-O 31. Rxd7 Bxd7 32. Qxd7 Bxb2 33. Qxf5 h6 34. Qb5 Bg7 35. Kg2 f5 36.
Qd5+ Kh7 37. Kh3 f4 38. gxf4 Rxf4 39. Qd3+ Kh8 40. Kg3 Rf6 41. Qd5 Rf4
42. h3 Kh7 43. Qe6 Rf6 1/2-1/2

[Event "Gistrup Int"]
[Site "Gistrup"
[Date "1992.??.??"]
[Round "4"]
[White "Poley, Vladimir"]
[Black "Kruszynski, Wlodzimierz"]
[Result "1/2-1/2"]
[WhiteElo "2360"]
[BlackElo "2380"]

1. g3 Nf6 2. Bg2 e5 3. c3 d5 4. d4 Nbd7 5. Nh3 c6 6. O-O Bd6 7. f3 O-O
8. Nf2 Qe7 9. e4 dxe4 10. fxe4 Re8 11. Nd2 Nf8 12. Nc4 Ng6 13. Bg5 h6
14. Be3 Bc7 15. Qe2 Be6 16. a4 Red8 17. Rfd1 Rd7 18. Rab1 a5 19. Rd2
Rad8 20. Rbd1 exd4 21. Bxd4 Bxc4 22. Qxc4 Ne5 23. Qe2 Re8 24. b3 Rdd8
25. Bh3 Qa3 26. Rb1 Qe7 27. b4 axb4 28. cxb4 Bb6 29. Rbd1 Bxd4 30. Rxd4
Rxd4 31. Rxd4 Rd8 32. Rxd8+ Qxd8 33. Qe3 Qd6 34. Qc3 g5 35. Bf1 Neg4
36. Nxg4 Nxg4 37. Be2 Ne5 38. Kg2 f6 39. h3 Kf7 40. a5 Qd7 41. a6 bxa6
42. Bxa6 Qd1 43. Bf1 Qb1 44. Qd4 Qc2+ 45. Kh1 h5 46. Bg2 Qb3 47. Kh2
Qc2 48. Kh1 Qb1+ 49. Kh2 Qa2 50. Kh1 g4 51. hxg4 hxg4 52. Kg1 Kg6 53.
Qc5 Qe2 54. Qf8 Qa2 55. Qe8+ Kg5 56. Qe7 Qb3 57. Kh2 Qb2 58. Qg7+ Kh5
59. Qh7+ Kg5 60. Qg7+ 1/2-1/2

[Event "Gistrup Int"]
[Site "Gistrup"
[Date "1992.??.??"]
[Round "5"]
[White "Konopka, Michal"]
[Black "Zezulkin, J"]
[Result "1/2-1/2"]
[WhiteElo "2350"]
[BlackElo "2440"]

1. Nf3 Nf6 2. c4 g6 3. g3 Bg7 4. Bg2 O-O 5. O-O d5 6. d4 dxc4 7. Na3 c3
8. bxc3 c5 9. e3 Nc6 10. Qe2 Qa5 11. Bb2 Nd5 12. Rfc1 Bg4 13. h3 Bxf3
14. Bxf3 Nb6 15. Nc4 Nxc4 16. Qxc4 Rac8 17. Qb3 Qc7 18. Ba3 1/2-1/2

[Event "Gistrup Int"]
[Site "Gistrup"
[Date "1992.??.??"]
[Round "5"]
[White "Fries Nielsen, Jens Ove"]
[Black "Bator, Robert"]
[Result "1/2-1/2"]
[WhiteElo "2385"]
[BlackElo "2345"]

1. d4 Nf6 2. Bg5 Ne4 3. Bf4 d5 4. Nd2 Nxd2 5. Qxd2 Bf5 6. e3 e6 7. Nf3
Bd6 8. Bd3 Bxf4 9. exf4 Bxd3 10. Qxd3 Qd6 11. O-O Qxf4 12. Qb5+ Nd7
13. Qxb7 O-O 14. Qb5 Nf6 15. Qd3 Rab8 16. b3 c5 17. dxc5 Rfc8 18. g3
Qg4 19. Ne5 Qh5 20. Qd4 Ne4 21. f3 Nxc5 22. Rad1 Rb7 1/2-1/2

[Event "Gistrup Int"]
[Site "Gistrup"
[Date "1992.??.??"]
[Round "5"]
[White "Kruszynski, Wlodzimierz"]
[Black "Nielsen, Tommy"]
[Result "1/2-1/2"]
[WhiteElo "2380"]
[BlackElo "2250"]

1. e4 e5 2. Nf3 Nc6 3. Bb5 a6 4. Ba4 Nf6 5. O-O Nxe4 6. d4 b5 7. Bb3 d5
8. dxe5 Be6 9. Be3 Be7 10. c3 O-O 11. Nbd2 Bg4 12. Nxe4 dxe4 13. Qd5
Qxd5 14. Bxd5 exf3 15. Bxc6 fxg2 16. Kxg2 Rad8 17. a4 Bd7 18. axb5 axb5
19. Be4 Be6 20. Rfd1 Rxd1 21. Rxd1 f6 22. exf6 Bxf6 23. Bc6 Bc4 24. Ra1
Be7 25. Ra7 Bd6 26. f3 Rf5 27. Rb7 Re5 28. Kf2 Kf7 29. Rb8 Bc5 30. Bxc5
Rxc5 31. Be8+ Ke7 32. b4 Rd5 33. Bc6 Rd2+ 34. Kg3 Rd3 35. Bxb5 Bxb5
36. Rxb5 Rxc3 1/2-1/2

[Event "Gistrup Int"]
[Site "Gistrup"
[Date "1992.??.??"]
[Round "5"]
[White "Pedersen, Steffen"]
[Black "Hansen, Sune Berg"]
[Result "1/2-1/2"]
[WhiteElo "2360"]
[BlackElo "2370"]

1. e4 c5 2. Nc3 Nc6 3. f4 g6 4. Nf3 Bg7 5. Bc4 e6 6. e5 d5 7. exd6 Qxd6
8. d3 Nf6 9. O-O O-O 10. Qe1 b6 11. Qh4 Nd4 12. Nxd4 Qxd4+ 13. Kh1 Bb7
14. Bd2 a6 15. a4 Bc6 16. Rab1 Qd7 17. Bb3 Rfe8 18. Rf2 Rac8 19. Re1
Qb7 20. Nd1 Nd5 21. Rfe2 Qe7 22. Qh3 Qd6 23. Re5 Rc7 24. Bxd5 Bxd5 25.
Ne3 Rce7 26. Nxd5 1/2-1/2

[Event "Gistrup Int"]
[Site "Gistrup"
[Date "1992.??.??"]
[Round "5"]
[White "Meyer, Lars August"]
[Black "Poley, Vladimir"]
[Result "1-0"]
[WhiteElo "2325"]
[BlackElo "2360"]

1. d4 b5 2. e3 Bb7 3. Nf3 b4 4. c4 e6 5. a3 a5 6. axb4 axb4 7. Rxa8
Bxa8 8. Nbd2 Nf6 9. Bd3 c5 10. O-O Be7 11. e4 cxd4 12. e5 Nh5 13. Nb3
f6 14. Nh4 g6 15. Nxg6 hxg6 16. Bxg6+ Kf8 17. Bxh5 fxe5 18. f4 e4 19.
f5 Bf6 20. fxe6 dxe6 21. Bg5 Nd7 22. Qxd4 Kg7 23. Rxf6 Nxf6 24. Qa7+
Qd7 25. Bxf6+ 1-0

[Event "Gistrup Int"]
[Site "Gistrup"
[Date "1992.??.??"]
[Round "6"]
[White "Zezulkin, J"]
[Black "Pedersen, Steffen"]
[Result "0-1"]
[WhiteElo "2440"]
[BlackElo "2360"]

1. e4 c6 2. d4 d5 3. e5 Bf5 4. Nc3 e6 5. g4 Bg6 6. Nge2 c5 7. h4 h5 8.
Nf4 Bh7 9. Nxh5 cxd4 10. Qxd4 Nc6 11. Bb5 Nge7 12. Bg5 a6 13. Bxc6+
Nxc6 14. Qf4 Qa5 15. O-O-O Nb4 16. a3 Nxc2 17. Rxd5 exd5 18. e6 fxe6
19. Nxg7+ Kd7 20. Qf7+ Kc6 21. Ne8 Nd4 22. Re1 Be4 23. Nf6 Bxa3 24.
Qd7+ Kb6 25. Nfxe4 Bxb2+ 26. Kxb2 Qb4+ 27. Ka1 Qa3+ 28. Na2 Nc2+ 29.
Kb1 Qb3+ 30. Kc1 Rac8 31. Nec3 Nxe1 32. Qxe6+ Ka7 33. Qxe1 Qxa2 34.
Qe3+ Ka8 35. Bf6 Rhe8 36. Be5 Qa1+ 37. Kd2 Qb2+ 38. Kd1 d4 39. Qxd4
Rcd8 0-1

[Event "Gistrup Int"]
[Site "Gistrup"
[Date "1992.??.??"]
[Round "6"]
[White "Kruszynski, Wlodzimierz"]
[Black "Fries Nielsen, Jens Ove"]
[Result "1/2-1/2"]
[WhiteElo "2380"]
[BlackElo "2385"]

1. Nf3 Nf6 2. g3 b6 3. Bg2 Bb7 4. O-O c5 5. c4 e6 6. Nc3 d6 7. b3 a6
8. Bb2 Be7 9. d4 cxd4 10. Nxd4 Bxg2 11. Kxg2 O-O 12. e3 Ra7 13. Qf3 Qd7
14. Rfd1 Rc8 15. Rd2 Rb7 16. a4 Nc6 17. Nxc6 Rxc6 18. Rad1 Qc8 19. Ne2
Rd7 20. Nf4 Rd8 21. h3 Ne8 22. e4 Rc7 23. Bc3 Qb8 24. e5 Rcd7 25. Nh5
Qc7 26. exd6 Bxd6 27. Bxg7 Nxg7 28. Nf6+ Kh8 29. Nxd7 Rxd7 30. Rxd6
Rxd6 31. Qa8+ Ne8 32. Qxe8+ Kg7 33. Rxd6 Qxd6 34. a5 bxa5 35. Qa8 Qb4
1/2-1/2

[Event "Gistrup Int"]
[Site "Gistrup"
[Date "1992.??.??"]
[Round "6"]
[White "Nielsen, Tommy"]
[Black "Meyer, Lars August"]
[Result "1/2-1/2"]
[WhiteElo "2250"]
[BlackElo "2325"]

1. e4 e6 2. d4 d5 3. Nd2 dxe4 4. Nxe4 Nf6 5. Nxf6+ gxf6 6. Nf3 b6 7.
Bf4 Bb7 8. c3 Bd6 9. Bg3 Qe7 10. Qa4+ Qd7 11. Bb5 Bc6 12. Bxc6 Qxc6
13. Qxc6+ Nxc6 14. O-O-O Ne7 15. Rhe1 O-O-O 16. Nd2 f5 17. Bh4 Rd7 18.
Nc4 Rg8 19. g3 h5 20. Bxe7 Rxe7 1/2-1/2

[Event "Gistrup Int"]
[Site "Gistrup"
[Date "1992.??.??"]
[Round "6"]
[White "Bator, Robert"]
[Black "Hansen, Sune Berg"]
[Result "1/2-1/2"]
[WhiteElo "2345"]
[BlackElo "2370"]

1. d4 Nf6 2. c4 g6 3. Nc3 Bg7 4. e4 d6 5. Be2 O-O 6. Nf3 e5 7. O-O Na6
8. Be3 Ng4 9. Bg5 Qe8 10. dxe5 dxe5 11. Nd2 h6 12. Bh4 Nf6 13. Nd5 Qe6
14. Bxf6 Bxf6 15. c5 Bd8 16. Bc4 Qe8 17. Qf3 Nxc5 18. Rac1 1/2-1/2

[Event "Gistrup Int"]
[Site "Gistrup"
[Date "1992.??.??"]
[Round "6"]
[White "Poley, Vladimir"]
[Black "Konopka, Michal"]
[Result "1-0"]
[WhiteElo "2360"]
[BlackElo "2350"]

1. Nf3 Nf6 2. g3 g6 3. b4 Bg7 4. Bb2 O-O 5. Bg2 d5 6. O-O c6 7. d3 a5
8. a3 axb4 9. axb4 Rxa1 10. Bxa1 Nbd7 11. Nbd2 e6 12. c4 b6 13. e4 Bb7
14. Qc2 Qe7 15. Rb1 Ra8 16. Bb2 Ne8 17. Bxg7 Kxg7 18. c5 bxc5 19. bxc5
Ra7 20. Nb3 Qf6 21. d4 Nc7 22. e5 Qf5 23. Qc1 Ra2 24. Rb2 Rxb2 25. Qxb2
Ba6 26. Nbd2 g5 27. h3 h5 28. Qb4 Be2 29. Qb7 g4 30. hxg4 hxg4 31. Nh4
Qd3 32. Qxc7 Qxd2 33. Qxd7 Qd1+ 34. Kh2 Qxd4 35. Qxc6 Qxe5 36. Qb7 d4
37. c6 Bb5 38. c7 Bd7 39. Qe4 Qxe4 40. Bxe4 Bc8 41. f4 Kf6 42. Ng2 Ke7
43. Ne1 Kd6 44. Kg1 f5 45. Bd3 Kxc7 46. Nc2 Kc6 47. Nxd4+ Kd5 48. Ne2
e5 49. fxe5 Kxe5 50. Kf2 Be6 51. Ke3 Bc8 52. Nf4 Bd7 53. Ng6+ Kf6 54.
Nf8 Bc8 55. Kf4 Kg7 56. Bxf5 1-0

[Event "Gistrup Int"]
[Site "Gistrup"
[Date "1992.??.??"]
[Round "7"]
[White "Pedersen, Steffen"]
[Black "Poley, Vladimir"]
[Result "0-1"]
[WhiteElo "2360"]
[BlackElo "2360"]

1. e4 g6 2. d4 c6 3. Nc3 d5 4. h3 Bg7 5. Nf3 Nf6 6. e5 Ne4 7. Bd3 Nxc3
8. bxc3 c5 9. O-O c4 10. Be2 Qa5 11. a4 Bd7 12. Ba3 Qxc3 13. Qb1 Nc6
14. a5 Rb8 15. Bc5 b6 16. axb6 axb6 17. Ra3 bxc5 18. Qxb8+ Nxb8 19.
Rxc3 cxd4 20. Ra3 O-O 21. Rd1 Nc6 22. Nxd4 Nxe5 23. Ra7 e6 24. Rc7 Rb8
25. f4 Nd3 26. cxd3 Bxd4+ 27. Kh2 Ba4 28. dxc4 Bb6 0-1

[Event "Gistrup Int"]
[Site "Gistrup"
[Date "1992.??.??"]
[Round "7"]
[White "Konopka, Michal"]
[Black "Nielsen, Tommy"]
[Result "1-0"]
[WhiteElo "2350"]
[BlackElo "2250"]

1. Nf3 Nf6 2. c4 g6 3. g3 Bg7 4. Bg2 c5 5. O-O Nc6 6. d4 cxd4 7. Nxd4
O-O 8. Nc3 d6 9. Nxc6 bxc6 10. Bxc6 Bh3 11. Bxa8 Qxa8 12. f3 Bxf1 13.
Qxf1 Rc8 14. e4 e6 15. Be3 Nd7 16. Rc1 Ne5 17. b3 f5 18. Bf4 Rf8 19.
Bxe5 Bxe5 20. Qd3 Qc6 21. exf5 Rxf5 22. Kg2 Bxc3 23. Qxc3 g5 24. g4 Rf4
25. h3 e5 26. Re1 Rd4 27. Re2 Rf4 28. Qd3 Kg7 29. Re4 Rf6 30. Qe3 Kg6
31. Qxa7 d5 32. cxd5 Qxd5 33. Qe3 Qa5 34. Rxe5 Qxa2+ 35. Kg3 Qa1 36.
Qxg5+ Kf7 37. Qh5+ Kg8 38. Re8+ Rf8 39. Qg5+ Kf7 40. Re7# 1-0

[Event "Gistrup Int"]
[Site "Gistrup"
[Date "1992.??.??"]
[Round "7"]
[White "Hansen, Sune Berg"]
[Black "Zezulkin, J"]
[Result "1/2-1/2"]
[WhiteElo "2370"]
[BlackElo "2440"]

1. d4 Nf6 2. c4 g6 3. Nc3 d5 4. Nf3 Bg7 5. cxd5 Nxd5 6. e4 Nxc3 7. bxc3
c5 8. Rb1 O-O 9. Be2 cxd4 10. cxd4 Qa5+ 11. Bd2 Qxa2 12. O-O a5 13. Qc1
Bg4 14. Bc4 Qa4 15. Bb5 Qa2 16. Bc4 Qa4 17. Bb5 1/2-1/2

[Event "Gistrup Int"]
[Site "Gistrup"
[Date "1992.??.??"]
[Round "7"]
[White "Meyer, Lars August"]
[Black "Fries Nielsen, Jens Ove"]
[Result "1/2-1/2"]
[WhiteElo "2325"]
[BlackElo "2385"]

1. d4 Nf6 2. c4 e6 3. Nf3 b6 4. g3 Bb7 5. Bg2 Be7 6. O-O O-O 7. Nc3 Ne4
8. Nxe4 Bxe4 9. d5 Bf6 10. Ne1 Bxg2 11. Nxg2 exd5 12. cxd5 c5 13. dxc6
dxc6 14. Qc2 c5 1/2-1/2

[Event "Gistrup Int"]
[Site "Gistrup"
[Date "1992.??.??"]
[Round "7"]
[White "Kruszynski, Wlodzimierz"]
[Black "Bator, Robert"]
[Result "1/2-1/2"]
[WhiteElo "2380"]
[BlackElo "2345"]

1. e4 c5 2. Nf3 Nc6 3. Bb5 g6 4. O-O Bg7 5. c3 Nf6 6. e5 Nd5 7. d4 cxd4
8. cxd4 O-O 9. Nc3 Nxc3 10. bxc3 d6 11. exd6 Qxd6 12. a4 a6 13. Ba3 Qc7
14. Bxc6 bxc6 15. Re1 Re8 16. Ne5 Be6 17. Qd3 Rad8 18. Qg3 Bd5 19. Rab1
f6 20. Nd3 Qxg3 21. hxg3 e5 1/2-1/2

[Event "Gistrup Int"]
[Site "Gistrup"
[Date "1992.??.??"]
[Round "8"]
[White "Bator, Robert"]
[Black "Zezulkin, J"]
[Result "1-0"]
[WhiteElo "2345"]
[BlackElo "2440"]

1. d4 Nf6 2. c4 g6 3. Nc3 d5 4. cxd5 Nxd5 5. e4 Nxc3 6. bxc3 Bg7 7. Bc4
c5 8. Ne2 Nc6 9. Be3 O-O 10. O-O Qc7 11. Bf4 Qd7 12. d5 Na5 13. Bd3 e5
14. Be3 c4 15. Bc2 b6 16. f4 f6 17. f5 Nb7 18. Ng3 Rf7 19. Qd2 Bf8 20.
Bd1 Bc5 21. fxg6 hxg6 22. Bxc5 Nxc5 23. Qh6 1-0